00385 a2200109 4500020002000000082001500020100001700035245007700052260004500129300004300174650005800217 a139780471720706 a518.64 SOL aSolin, Pavel aPatial Differential Equations and the finite element methodcPavel Solin aNew Jersey :bJohn Wiley and Sons,c2006 axxvi, 472p. :bill ., pics., ;c30 cm aDifferetial Equations, Partial -- Numerical solutions